000 00651nam a2200193 a 4500
001 4924
003 CO-ViMGA
008 141112s2004 ck r 000 u spa d
040 _aCO-ViMGA
_bspa
_cCO-ViMGA
082 0 4 _a378.16 C154
245 1 0 _aCamino a la universidad :
_bpreicfes
260 _aSantafé de Bogotá :
_bCooperativa Editorial Magisterio,
_c199 -
300 _a191 p : il
490 _aAula abierta
650 1 4 _aEXAMENES DE ADMISION A LA UNIVERSIDAD - COLOMBIA - MANUALES
_93102
650 1 4 _aMEDICIONES Y PRUEBAS EDUCATIVAS - COLOMBIA - MANUALES
_93103
650 1 4 _aPRUEBAS DE APTITUD - COLOMBIA - MANUALES
_93104
942 _2ddc
_cBK
999 _c16929
_d16929